Catálogo
 En Linea

Derecho, soberanía, educación e interculturalidad : (Registro nro. 48037)

Detalles MARC
000 -CABECERA
campo de control de longitud fija 01754nam a2200217 a 4500
001 - NÚMERO DE CONTROL
campo de control 000048549
005 - FECHA Y HORA DE LA ÚLTIMA TRANSACCIÓN
campo de control 20201002061231.0
008 - DATOS DE LONGITUD FIJA--INFORMACIÓN GENERAL
campo de control de longitud fija 190329s2015 dr 000 m spa d
020 ## - NÚMERO INTERNACIONAL ESTÁNDAR DEL LIBRO
Número Internacional Estándar del Libro 9789993480136
040 ## - FUENTE DE LA CATALOGACIÓN
Centro catalogador/agencia de origen DO-SdBNP
Lengua de catalogación spa
Centro/agencia transcriptor BNPHU
082 ## - NÚMERO DE LA CLASIFICACIÓN DECIMAL DEWEY
Número de clasificación xxxx
Número de documento/Ítem M524d
100 1# - ENTRADA PRINCIPAL--NOMBRE DE PERSONA
Nombre de persona Mella, Pablo
9 (RLIN) 54066
245 10 - MENCIÓN DE TÍTULO
Título Derecho, soberanía, educación e interculturalidad :
Resto del título reflexiones desde el contexto dominicano /
Mención de responsabilidad, etc. Pablo Mella, SJ.
260 ## - PUBLICACIÓN, DISTRIBUCIÓN, ETC.
Lugar de publicación, distribución, etc. Santo Domingo :
Nombre del editor, distribuidor, etc. Centro Bonó,
Fecha de publicación, distribución, etc. 2015.
300 ## - DESCRIPCIÓN FÍSICA
Extensión 126 p. ;
Dimensiones 23 cm.
490 1# - MENCIÓN DE SERIE
Mención de serie Derechos Humanos
500 ## - NOTA GENERAL
Nota general Incluye bibliografía al final de los capítulos
505 0# - NOTA DE CONTENIDO CON FORMATO
Nota de contenido con formato Introducción --
Información miscelánea Estudio 1
Título Perspectivas del derecho intercultural. Una reflexión filosófica --
Información miscelánea Anexo del estudio 1
Título La primera comunicación del gobierno dominicano (1ero. de marzo de 1844) --
Información miscelánea Estudio 2
Título Confuciones soberanas. Una nota histórica de la nación de soberanía --
Información miscelánea Estudio 3
Título Soberanía y orden postwestfaliano. Reflexiones normativas --
Información miscelánea Estudio 4
Título La sentencia 168-13 del Tribunal Constitucional Dominicano ante la doctrina social de la iglesia --
Información miscelánea Estudio 5
Título ¿Con qué derecho, con cuál justicia? El Tribunal Constitucional Dominicano y la Corte Interamericana de Derechos Humanos --
-- Anexo del estudio 5: Una reflexión de Ana María Belique al finalizar el año 2014 --
Información miscelánea Estudio 6
Título Ética y educación ciudadana intercultural --
Información miscelánea Estudio 7
Título Para leer y escribir interculturalmente --
Información miscelánea Estudio 8
Título República Dominicana "un pueblo café con leche". Los dilemas de la historiografía dominicana ante la diáspora africana --
Información miscelánea Estudio 9
Título Amor y justicia. Comentario filosófico de la encíclica "Dios es amor" de Benedicto XVI--.
590 ## - NOTA LOCAL (RLIN)
Nota local Inventariado, 2019/LP
830 #0 - PUNTO DE ACCESO ADICIONAL DE SERIE-TÍTULO UNIFORME
Título uniforme Derechos Humanos
9 (RLIN) 72126
Existencias
Estado de retiro Estado de pérdida No para préstamo Código de colección Localización permanente Ubicación/localización actual Ubicación en estantería Fecha de adquisición Número de inventario Total de préstamos Signatura topográfica completa Código de barras Fecha visto por última vez Precio válido a partir de Tipo de ítem Koha Número de copia
    Excluido de préstamo Patrimonio Dominicano Patrimonio Dominicano Patrimonio Dominicano Depósito 29.03.2019 LF1   xxxx M524d 48549-10 25.06.2020 25.06.2020 Libro y Folleto Colección Patrimonio Dominicano  
    Excluido de préstamo Patrimonio Dominicano Patrimonio Dominicano Patrimonio Dominicano Depósito 29.03.2019 LF1   xxxx M524d 48549-20 25.06.2020 25.06.2020 Libro y Folleto Colección Patrimonio Dominicano e. 2

Con tecnología Koha